Urban Transportation Planning A Design -Oriented Approach (Record no. 472)
[ view plain ]
| 000 -LEADER | |
|---|---|
| fixed length control field | 00355 a2200109 4500 |
| 020 ## - INTERNATIONAL STANDARD BOOK NUMBER | |
| International Standard Book Number | 0070417520 |
| 082 ## - DEWEY DECIMAL CLASSIFICATION NUMBER | |
| Classification number | 388.4068 MEY |
| 100 ## - MAIN ENTRY--PERSONAL NAME | |
| Personal name | Meyer, Michael D. |
| 245 ## - TITLE STATEMENT | |
| Title | Urban Transportation Planning A Design -Oriented Approach |
| Statement of responsibility, etc. | Michael D. Meyer, Eric J. Miller |
| 260 ## - PUBLICATION, DISTRIBUTION, ETC. | |
| Place of publication, distribution, etc. | New York : |
| Name of publisher, distributor, etc. | McGraw Hill, |
| Date of publication, distribution, etc. | 1984 |
| 300 ## - PHYSICAL DESCRIPTION | |
| Extent | xvii, 524p. : |
| Other physical details | ill ., ; |
| Dimensions | 24 cm |
| 650 ## - SUBJECT ADDED ENTRY--TOPICAL TERM | |
| Topical term or geographic name entry element | Urban Transportation |
| Withdrawn status | Lost status | Damaged status | Not for loan | Permanent Location | Current Location | Shelving location | Date acquired | Total Checkouts | Full call number | Barcode | Date last seen | Price effective from | Koha item type | Total Renewals | Date last checked out | Source of classification or shelving scheme |
|---|---|---|---|---|---|---|---|---|---|---|---|---|---|---|---|---|
| School of Civil and Environmental Engineering (SCEE) | School of Civil and Environmental Engineering (SCEE) | 388.4068 MEY | NIT-624 | 01/05/2017 | 01/05/2017 | Book | ||||||||||
| School of Civil and Environmental Engineering (SCEE) | School of Civil and Environmental Engineering (SCEE) | 1 | NIT-625 | 06/01/2023 | 01/05/2017 | Book | 2 | 02/20/2023 | ||||||||
| School of Civil and Environmental Engineering (SCEE) | School of Civil and Environmental Engineering (SCEE) | 12/10/2019 | 3 | 388.4068 MEY | NIT-12808 | 05/31/2023 | 12/10/2019 | 02/20/2023 |
